000 00944nam a2200253Ia 4500
003 OSt
005 20220923225318.0
006 a|||||r|||| 00| 0
007 ta
008 220922b |||||||| |||| 00| 0 hin d
024 _a263,134
037 _cTextual
040 _aARTS
_cARTS
_bhin
041 _2hin
_ahin
082 _aO15,1:g(Y15), 152P3
100 _aशर्मा, मन्जु
_9156290
245 0 _aहिन्दी महाकाव्यों में नारी के अधिकार एवं कर्तव्य
246 _aHindī hinākāvyoan mean nārī ke adhikār evan kartavya
260 _aदिल्ली
_b ईस्टर्न बुक लिंकर्स
_c2003
300 _a160पृ.
_ccm.
650 _aसंस्कृत साहित्य
942 _hO15,1:g(Y15), 152P3
_cTEXL
_2CC
999 _c377495
_d377495